Atlas des migrations dans le monde : Libertés de circulation, frontières et inégalités (notice n° 2197983)

détails MARC
000 -LEADER
fixed length control field 02044cam a2200157 4500500
005 - DATE AND TIME OF LATEST TRANSACTION
control field 20260405085504.0
041 ## - LANGUAGE CODE
Language code of text/sound track or separate title fre
042 ## - AUTHENTICATION CODE
Authentication code dc
100 10 - MAIN ENTRY--PERSONAL NAME
Personal name Migreurop
Relator term author
245 00 - TITLE STATEMENT
Title Atlas des migrations dans le monde : Libertés de circulation, frontières et inégalités
260 ## - PUBLICATION, DISTRIBUTION, ETC.
Name of publisher, distributor, etc. Armand Colin,<br/>
Date of publication, distribution, etc. 2022.<br/>
520 ## - SUMMARY, ETC.
Summary, etc. Ce nouvel atlas du collectif Migreurop propose un traitement original et éclairant des enjeux migratoires contemporains en interrogeant une question forte : la liberté de circulation. Cette notion, soit présentée tel un slogan pour contester les politiques migratoires, soit brandie pour dénigrer toute tentative de penser ces politiques hors du strict contrôle migratoire, fait en effet l’objet d’un traitement très clivant dans l’espace public. Cet ouvrage propose une prise de recul nécessaire en apportant à des éléments à la fois théoriques et tirés de l'expérience vécue des migrants : mise en perspective des dynamiques historiques de la liberté de circulation, présentation des grands espaces de circulation existants, les migrations humaines au regard des migrations de capitaux et marchandises, les formes de circulation mises en oeuvre par les migrants eux-mêmes, les imaginaires contradictoires sur le fait migratoire. Chaque partie est constituée d'une dizaine de planches faisant dialoguer des textes d'experts avec une iconographie riche et créative (cartes, dessins, photographies), et alternant des thématiques "classiques" aux sujets les plus actuels (pandémie, circulation des données, migrations des femmes, écologie...). Dans un paysage politique et médiatique qui place au centre de l’attention les entraves aux mouvements, cet atlas vient ainsi contribuer aux débats sur le futur des politiques migratoires, et ouvrir le champ des possibles.
700 10 - ADDED ENTRY--PERSONAL NAME
Personal name Migreurop
Relator term author
700 10 - ADDED ENTRY--PERSONAL NAME
Personal name Casella Colombeau, Sara
Relator term author
856 41 - ELECTRONIC LOCATION AND ACCESS
Uniform Resource Identifier <a href="https://shs.cairn.info/atlas-des-migrations-dans-le-monde--9782200632823?lang=fr&redirect-ssocas=7080">https://shs.cairn.info/atlas-des-migrations-dans-le-monde--9782200632823?lang=fr&redirect-ssocas=7080</a>

Pas d'exemplaire disponible.

PLUDOC

PLUDOC est la plateforme unique et centralisée de gestion des bibliothèques physiques et numériques de Guinée administré par le CEDUST. Elle est la plus grande base de données de ressources documentaires pour les Étudiants, Enseignants chercheurs et Chercheurs de Guinée.

Adresse

627 919 101/664 919 101

25 boulevard du commerce
Kaloum, Conakry, Guinée

Réseaux sociaux

Powered by Netsen Group @ 2025